1950s and 1960s Celebrities by Picture #1 - Statistics

General Stats
  • This quiz has been taken 182 times
    173 since last reset
  • The average score is 9 of 18
Answer Stats
Picture Answer % Correct
john f kennedy
96%
elvis presley
94%
james dean
90%
audrey hepburn
88%
john lennon
81%
walt disney
73%
bob dylan
70%
john wayne
68%
bette davis
52%
jane fonda
38%
ella fitzgerald
34%
sharon tate
34%
nancy sinatra
31%
rock hudson
31%
sam cooke
23%
judy holiday
10%
tenessee williams
4%
dovima
0%
No matching quizzes found
Score Distribution
Percent of People with Each Score
Percentile by Number Answered
Your Score History
You have not taken this quiz since the last reset